|
|
|
|
| LEADER |
00853nam a22002172a 4500 |
| 001 |
001250091 |
| 003 |
CZ BrMZK |
| 005 |
20120918152138.0 |
| 007 |
ta |
| 008 |
120918s1974 xo er|||||||||||slo d |
| 040 |
|
|
|a ABA001
|b cze
|c ABA001
|d BOA001
|
| 245 |
0 |
0 |
|a Slovenské národné povstanie a revolučná cesta našej školy :
|b zborník materiálov z celoštátneho seminára pedagogických pracovníkov z oblasti teorie a praxe, ktorý sa konal 20. a 21. marca 1974 v Banskej Bystrici /
|c Zostavil Michal Kocka
|
| 250 |
|
|
|a 1. vyd.
|
| 260 |
|
|
|a Bratislava :
|b Pravda,
|c 1974
|
| 300 |
|
|
|a 382 s.
|
| 504 |
|
|
|a Obsahuje bibliografie
|
| 700 |
1 |
|
|a Kocka, Michal
|7 jx20040205004
|4 edt
|
| 910 |
|
|
|a BOA001
|b 2-0732.982
|
| 990 |
|
|
|a BK
|
| 991 |
|
|
|b 201209
|
| 996 |
7 |
|
|b 2619639512
|c 2-0732.982
|l Sklad H1
|r Sklad / do 24 hodin
|n 0
|h HS212
|w 001284192
|u 000010
|a 1
|e BOA001
|j MZK50
|s A
|